Η περιβαλλοντική αγωγή στην υποχρεωτική δευτεροβάθμια εκπαίδευση : συγκριτική μελέτη των προγραμμάτων σπουδών Ελλάδας και Αυστραλίας : διπλωματική εργασία [μεταπτυχιακή]

Αποθηκεύτηκε σε:
Λεπτομέρειες βιβλιογραφικής εγγραφής
Κύριος συγγραφέας: Παύλου, Ιωάννης
Άλλοι συγγραφείς: Κόνσολας, Μάνος Ν. (Εισηγητής διατριβής), Δημητρίου, Αναστασία (Εισηγητής διατριβής), Ευαγγελινός, Κωνσταντίνος (Εισηγητής διατριβής)
Μορφή: Thesis Βιβλίο
Γλώσσα:Greek
Δημοσίευση: 2007.
Θέματα:
Διαθέσιμο Online:http://hdl.handle.net/11610/15895
Ετικέτες: Προσθήκη ετικέτας
Δεν υπάρχουν, Καταχωρήστε ετικέτα πρώτοι!

MARC

LEADER 00000cam a2200000 i 4500
001 1/77319
008 080313s2007 gre d
035 |l 10095402 
040 |a GR-MY-UA  |b gre  |e aacr 
041 0 |a gre 
082 7 |a 372.357   |2 (22) 
100 1 |a Παύλου, Ιωάννης. 
245 1 2 |a Η περιβαλλοντική αγωγή στην υποχρεωτική δευτεροβάθμια εκπαίδευση :   |b συγκριτική μελέτη των προγραμμάτων σπουδών Ελλάδας και Αυστραλίας : διπλωματική εργασία [μεταπτυχιακή] /   |c Παύλου Ιωάννης ; Κόνσολας Εμμανουήλ (επιβλέπων) ; Δημητρίου Αναστασία, Ευαγγελινός Κωνσταντίνος.  
260 |c 2007.  
300 |a 142 σ. ;   |c 30 εκ. 
502 |a Διατριβή (μεταπτυχιακή) – Πανεπιστήμιο Αιγαίου, Ρόδος, 2007. 
610 2 0 |a University of the Aegean  |x Dissertations. 
650 0 0 |a Environmental education  |x Study and teaching (Higher)  |z Greece. 
650 0 0 |a Environmental education  |x Study and teaching (Higher)  |z Australia. 
650 0 0 |a Dissertations, Academic  |z Greece. 
700 1 |a Κόνσολας, Μάνος Ν.  |4 ths 
700 1 |a Δημητρίου, Αναστασία.  |4 ths 
700 1 |a Ευαγγελινός, Κωνσταντίνος.  |4 ths 
852 |a INST  |b RHODES  |c DIATR  |e 20080313  |h 372.357 ΠΑΥ  |p 005400029803  |q 005400029803  |t MTXE  |y 23 
852 |a INST  |b RHODES  |c DIATR  |e 20080313  |h 372.357 ΠΑΥ  |p 005400029804  |q 005400029804  |t MTXE  |y 23 
856 |u http://hdl.handle.net/11610/15895 
901 |a BIBL4-2008-1 
909 |a Ρ  |b 128490 
909 |a Ρ  |b 128489 
924 |a ΠΑΥΛΟΥ  |b ΙΩΑΝΝΗΣ  |y Ρόδος  |z 2008-03 
970 |a ΜΙΣΣΟΣ  |b ΣΤΑΥΡΟΣ  |z 2008/03/13